Assessing the Performance of a Marketing Approach Based on Customer Segmentation

Segmentácia ako konkurenčná výhoda. Hodnotenie marketingovej výkonnosti založené na segmentácii zákazníkov. Vyhodnotenie prieskumu uskutočneného v spoločnostiach v Slovenskej republike v roku 2016 s dôrazom na prieskum celkového počtu zákazníkov a počtu nových zákazníkov, ako je frekvencia používani...

Ausführliche Beschreibung

Gespeichert in:
Bibliographische Detailangaben
1. Verfasser: Hrušovská, Dana, 1964-
Weitere Verfasser: Majtán, Štefan
Format: Buchkapitel
Sprache:Slowakisch
Schlagworte:
Tags: Tag hinzufügen
Keine Tags, Fügen Sie das erste Tag hinzu!

MARC

LEADER 00000nla a2200000 4500
001 0238814
005 20240522134026.2
041 0 |a slo 
044 |a CZ 
245 1 0 |a Assessing the Performance of a Marketing Approach Based on Customer Segmentation  |c Dana Hrušovská, Štefan Majtán 
520 |a Segmentácia ako konkurenčná výhoda. Hodnotenie marketingovej výkonnosti založené na segmentácii zákazníkov. Vyhodnotenie prieskumu uskutočneného v spoločnostiach v Slovenskej republike v roku 2016 s dôrazom na prieskum celkového počtu zákazníkov a počtu nových zákazníkov, ako je frekvencia používania indikátora počet nových zákazníkov, význam pre podnik a spôsob hodnotenia. 
610 2 0 |a marketing 
610 2 0 |a podnik 
610 2 0 |a výkonnosť 
610 2 0 |a výkonnosť podniku 
610 2 0 |a segmentácia 
610 2 0 |a zákazníci 
610 2 0 |a ukazovatele výkonnosti 
610 2 0 |a prieskum 
610 2 0 |a Slovensko 
100 1 |a Hrušovská, Dana, 1964- 
700 1 |a Majtán, Štefan